Κατάλογος Βιβλιοθηκών Mediterranean College

Το Παιχνίδι: Πρωτότυπο Διαθεματικό Σχεδίασμα / Αναζητώντας την Άλλη "Γλώσσα" στην Εκπαίδευση (Record no. 3020)

MARC details
000 -LEADER
fixed length control field 01143cam a22002054a 4500
005 - ΗΜΕΡΟΜΗΝΙΑ ΚΑΙ ΩΡΑ ΤΕΛΕΥΤΑΙΑΣ ΕΝΗΜΕΡΩΣΗΣ
Πεδίο ελέγχου 20250605164103.0
008 - FIXED-LENGTH DATA ELEMENTS--GENERAL INFORMATION
Πεδίο ελέγχου σταθερού μήκους 250528s ||||||||||||||||||||||||d
035 ## - SYSTEM CONTROL NUMBER
System control number 17617
020 ## - ISBN
ISBN 9789608288546
040 ## - ΠΗΓΗ ΚΑΤΑΛΟΓΟΓΡΑΦΗΣΗΣ
Φορέας πρωτότυπης καταλογογράφησης MC Athens Campus Library
Γλώσσα καταλογογράφησης Ελληνικά, Μοντέρνα (1453-)
Modifying agency MC Athens Campus Library
Κανόνες περιγραφικής καταλογογράφησης AACR2
245 1# - ΤΙΤΛΟΣ ΚΑΙ ΔΗΛΩΣΗ ΥΠΕΥΘΥΝΟΤΗΤΑΣ
Τίτλος Το Παιχνίδι: Πρωτότυπο Διαθεματικό Σχεδίασμα / Αναζητώντας την Άλλη "Γλώσσα" στην Εκπαίδευση
260 ## - PUBLICATION, DISTRIBUTION, ETC.
Name of publisher, distributor, etc. Ωρίων,
Date of publication, distribution, etc. 2008
300 ## - PHYSICAL DESCRIPTION
Extent 112
520 ## - SUMMARY, ETC.
Summary, etc. Το παιχνίδι-αντικείμενο προγεγγίζεται διαθεματικά και ολόπλευρα. Εισαγωγή, Προσεγγίζοντας το Παιχνίδι Ευέλικτα και Διαθεματικά, Σχεδιασμός Διαθεματικών Σχεδίων Εργασίας, Διαθεματικά Στάδια, Δραστηριότητες, Χρηστική Πληροφόρηση, Υποδείγματα, Πηγές.
700 1# - ΠΡΟΣΘΕΤΗ ΑΝΑΓΡΑΦΗ--ΦΥΣΙΚΟ ΠΡΟΣΩΠΟ
Personal name Καμπύλης Παναγιώτης Γ
9 (RLIN) 3800
700 1# - ΠΡΟΣΘΕΤΗ ΑΝΑΓΡΑΦΗ--ΦΥΣΙΚΟ ΠΡΟΣΩΠΟ
Personal name Σπετσιώτης Γιάννης Μ
9 (RLIN) 3801
942 ## - ADDED ENTRY ELEMENTS (KOHA)
Koha item type Books
Holdings
Τύπος τεκμηρίου Βιβλιοθήκη Τρέχουσα τοποθεσία Barcode Αριθμός εισαγωγής Ημερομηνία απόκτησης Ταξιθετικό σύμβολο Αριθμός αντιτύπου Κατάσταση απόσυρσης Κατάσταση χαμένου Κατάσταση κατεστραμμένου Μη δανεισμός Σύνολο δανεισμών Ημερομηνία τελευταίας εμφάνισης Η τιμή ισχύει από
Books MC Athens Campus Library MC Athens Campus Library 9780000030191 5864 05/06/2025 370.73 KAB 1           05/06/2025 05/06/2025

MC Athens Campus Library
Πατησίων 94 & Κοδριγκτώνος 13, 104 34
Πελλήνης 8 & Πατησίων 107, 112 51
Τ: +30 210 8899600

MC Thessaloniki Campus Library
Ίωνος Δραγούμη 21, 54625 | Ίωνος Δραγούμη 15, 54625
Τ: +30 2310 287779 – Τ: +30 2314 440300